<?xml version="1.0" encoding="UTF-8"?><?xml-stylesheet type="text/xsl" href="static/style.xsl"?><OAI-PMH xmlns="http://www.openarchives.org/OAI/2.0/" xmlns:xsi="http://www.w3.org/2001/XMLSchema-instance" xsi:schemaLocation="http://www.openarchives.org/OAI/2.0/ http://www.openarchives.org/OAI/2.0/OAI-PMH.xsd"><responseDate>2026-06-01T01:23:42Z</responseDate><request verb="GetRecord" identifier="oai:riuma.uma.es:10630/35066" metadataPrefix="marc">https://riuma.uma.es/rest/oai/request</request><GetRecord><record><header><identifier>oai:riuma.uma.es:10630/35066</identifier><datestamp>2026-02-03T11:43:33Z</datestamp><setSpec>com_10630_2254</setSpec><setSpec>col_10630_37956</setSpec></header><metadata><record xmlns="http://www.loc.gov/MARC21/slim" xmlns:dcterms="http://purl.org/dc/terms/" xmlns:doc="http://www.lyncode.com/xoai" xmlns:xsi="http://www.w3.org/2001/XMLSchema-instance" xsi:schemaLocation="http://www.loc.gov/MARC21/slim http://www.loc.gov/standards/marcxml/schema/MARC21slim.xsd">
   <leader>00925njm 22002777a 4500</leader>
   <datafield ind2=" " ind1=" " tag="042">
      <subfield code="a">dc</subfield>
   </datafield>
   <datafield ind2=" " ind1=" " tag="720">
      <subfield code="a">Girón-Gambero, Jesús Ramón</subfield>
      <subfield code="e">author</subfield>
   </datafield>
   <datafield ind2=" " ind1=" " tag="260">
      <subfield code="c">2024</subfield>
   </datafield>
   <datafield ind2=" " ind1=" " tag="520">
      <subfield code="a">En el lineal del supermercado existen una gran variedad de bebidas lácteas y sus alternativas vegetales que están a disposición del consumidor. La elección de un tipo de bebida u otra por parte de la ciudadanía puede producirse a partir de criterios publicitarios, estéticos, de marca, nutricionales, etc. Por ello, parece interesante dotar a nuestro alumnado de conocimiento científico que le permita discernir qué tipo de bebida es más adecuada para consumir. Teniendo en cuenta este problema socio–científico y el contexto de la alimentación, se diseñó una propuesta didáctica titulada «¿Son todas las leches iguales?» que,&#xd;
pretende, a partir del enfoque de indagación, obtener datos que puedan arrojar luz sobre si la leche de vaca es igual que otro tipo de bebidas</subfield>
   </datafield>
   <datafield ind1="8" ind2=" " tag="024">
      <subfield code="a">Girón, J.R. (2024). ¿Son todas las leches iguales? Una situación de aprendizaje destinada al alumnado de física y química del segundo ciclo de la ESO. En T. Lupión y C. García (Eds.), Indagación científica escolar y educación STE(A)M. Formación del profesorado y enseñanza para la transferencia a las aulas. Graó.</subfield>
   </datafield>
   <datafield ind1="8" ind2=" " tag="024">
      <subfield code="a">https://hdl.handle.net/10630/35066</subfield>
   </datafield>
   <datafield tag="653" ind2=" " ind1=" ">
      <subfield code="a">Investigación activa en educación</subfield>
   </datafield>
   <datafield ind2="0" ind1="0" tag="245">
      <subfield code="a">«¿Son todas las leches iguales?»: una situación de aprendizaje destinada al alumnado de física y química del segundo ciclo de la ESO.</subfield>
   </datafield>
</record>
</metadata></record></GetRecord></OAI-PMH>